رحلة الكاتب الاديب البارع اللبيب ابى الحسين محمد بن احمد بن جبير الكنانى الاندلسى البلنسى / (Record no. 59269)
[ view plain ]
| 000 -الفاتح | |
|---|---|
| حقل البيانات ثابتة الطول | 00968nam a2200205Ia 4500 |
| 008 - عناصر البيانات ثابتة الطول - معلومات عامة | |
| حقل البيانات ثابتة الطول | 140319s9999 xx 000 0 ara d |
| 040 ## - مصدر الفهرسة | |
| وكالة الفهرسة الأصلية | GCL / |
| وكالة النسخ | GCL |
| 082 04 - رقم تصنيف ديوى العشرى | |
| رقم التصنيف | م |
| رقم المادة | 913.3 |
| -- | ج ر |
| 100 1# - المدخل الرئيسى - إسم شخصى | |
| الإسم الشخصى | ابن جبير : ابوالحسين محمد بن احمد بن جبير بن محمد الكنانى الاندلسى |
| 245 10 - بيان العنوان | |
| العنوان | رحلة الكاتب الاديب البارع اللبيب ابى الحسين محمد بن احمد بن جبير الكنانى الاندلسى البلنسى / |
| بيان المسئوليه,etc | ابن جبير : ابوالحسين محمد بن احمد بن جبير بن محمد الكنانى الاندلسى |
| 300 ## - الوصف المادى | |
| التعداد | 240 ص |
| 650 04 - المدخل الاضافى بالموضوع-مصطلح موضوعى | |
| مصطلح موضوعي | العادات والتقاليد |
| 650 04 - المدخل الاضافى بالموضوع-مصطلح موضوعى | |
| مصطلح موضوعي | الرحلات |
| 650 04 - المدخل الاضافى بالموضوع-مصطلح موضوعى | |
| مصطلح موضوعي | الرحالة العرب |
| 650 04 - المدخل الاضافى بالموضوع-مصطلح موضوعى | |
| مصطلح موضوعي | العرب والكشوف الجغرافية |
| 650 04 - المدخل الاضافى بالموضوع-مصطلح موضوعى | |
| مصطلح موضوعي | الرحلات فى الادب |
| 942 ## - عناصر المدخل الإضافي( كوها) | |
| مصدر التصنيف او مخطط الترفيف | Dewey Decimal Classification |
| Koha [default] item type | المراجع |
| 260 ## - PUBLICATION, DISTRIBUTION, ETC. (IMPRINT) | |
| -- | [S.N] : |
| -- | دار الكتاب اللبنانى |
| حالة التراجع | حالة الفقد | حالة تلف | ليس للاعارة | المكان المؤقت | الموقع الحالى | تاريخ الاكتساب | اجمالي اﻻعارات | رقم الطلب | الباركود | تاريخ اخر مشاهدة | تاريخ تفعيل السعر | نوع وعاء كوها |
|---|---|---|---|---|---|---|---|---|---|---|---|---|
| مكتبة القاهرة الكبرى | مكتبة القاهرة الكبرى | 03/26/2014 | م\913.3\ج ر | 153868 | 03/26/2014 | 03/26/2014 | المراجع |

